A 42 gun salute / (Record no. 143308)

MARC details
000 -LEADER
fixed length control field 00498nam a22001817a 4500
005 - DATE AND TIME OF LATEST TRANSACTION
control field 20170811163637.0
010 ## - LCCN (DPL NO)
LC control number ENG-119642
020 ## - INTERNATIONAL STANDARD BOOK NUMBER
International Standard Book Number 9788179664346
Terms of availability 200.00
035 ## - SYSTEM CONTROL NUMBER
System control number EN-103174
037 ## - SOURCE OF ACQUISITION
Source of stock number/acquisition DBAD/PUB
082 ## - DEWEY DECIMAL CLASSIFICATION NUMBER
Classification number N
100 ## - MAIN ENTRY--PERSONAL NAME
Personal name Manoharan Ramand
245 ## - TITLE STATEMENT
Title A 42 gun salute /
Statement of responsibility, etc by Manoharan Ramnad
260 ## - PUBLICATION, DISTRIBUTION, ETC. (IMPRINT)
Place of publication, distribution, etc Chennai
Name of publisher, distributor, etc Emerald Publishers
Date of publication, distribution, etc 2017
270 ## - ADDRESS
Address 15a.First Floor, Casa Major Road Egmore
City Chennai
Postal code 600008
300 ## - PHYSICAL DESCRIPTION
Extent 298p.
Dimensions 22cm(Hb)
942 ## - ADDED ENTRY ELEMENTS (KOHA)
Source of classification or shelving scheme Dewey Decimal Classification
Item type English Books
Classification part N
Call number suffix MAN
Holdings
Withdrawn status Lost status Not for loan Collection code Home library Current library Date acquired Source of acquisition Cost, normal purchase price Full call number Barcode Copy number Cost, replacement price Koha item type
      Non-fiction Narela Narela 11/08/2017 DBAD/PUB 200.00 N MAN EN-103174 1 200.00 English Books

© Delhi Public Library
Hit Counter
free hit counter